LEADER 01180cam0-22003611i-450- 001 990003825030403321 005 20040405095817.0 010 $a88-458-0307-4 035 $a000382503 035 $aFED01000382503 035 $a(Aleph)000382503FED01 035 $a000382503 100 $a20030910d2000----km-y0itay50------ba 101 0 $aita 102 $aIT 200 1 $a<>presenza straniera in Italia$ecaratteristiche demografiche$epermessi di soggiorno al 1.1.1999$eresidenti stranieri al 1.1.1999$enascite e matrimoni nel 1996$fIstituto nazionale di statistica$g[a cura di Domenico Gabrielli e Costanza Giovannelli] 210 $aRoma$cIstat$d2000 215 $a242 p.$d30 cm$efloppy disk 225 1 $aInformazioni$fIstat$v29 610 0 $aImmigrazione$aStatistiche 676 $a304.8 702 1$aGabrielli,$bDomenico 710 01$aIstat$0374421 801 0$aIT$bUNINA$gRICA$2UNIMARC 901 $aBK 912 $a990003825030403321 952 $aCDI-I-29-00-2$b8075$fMAS 952 $aCDI-I-29B-00-2$b8140$fMAS 952 $aVI F 286$b38302$fFSPBC 959 $aMAS 959 $aFSPBC 996 $aPresenza straniera in Italia$9237576 997 $aUNINA LEADER 02032nam 2200493I 450 001 9910704054203321 005 20151130094052.0 035 $a(CKB)5470000002437112 035 $a(OCoLC)930600614 035 $a(OCoLC)995470000002437112 035 $a(EXLCZ)995470000002437112 100 $a20151130d2013 ua 0 101 0 $aeng 135 $aur||||||||||| 181 $ctxt$2rdacontent 182 $cc$2rdamedia 183 $acr$2rdacarrier 200 10$aEmergency department visits related to schizophrenia among adults aged 18-64 $eUnited States, 2009-2011 /$fMichael Albert and Linda F. McCaig 210 1$aHyattsville, MD :$cU.S. Department of Health and Human Services, Centers for Disease Control and Prevention, National Center for Health Statistics,$d2015. 215 $a1 online resource (7 pages) $ccolor illustrations 225 1 $aNCHS data brief ;$vno. 215 225 1 $aDHHS publication ;$vno. 2015-1209 300 $aCaption title. 300 $aFormat not distributed to depository libraries. 300 $a"September 2015." 300 $aTitle from title screen (viewed November 30, 2015). 320 $aIncludes bibliographical references (pages 6-7). 517 $aEmergency department visits related to schizophrenia among adults aged 18-64 606 $aHospitals$xEmergency services$zUnited States$vStatistics 606 $aSchizophrenia$xTreatment$vStatistics 606 $aPeople with mental disabilities$xHospital care$zUnited States$vStatistics 608 $aStatistics.$2lcgft 615 0$aHospitals$xEmergency services 615 0$aSchizophrenia$xTreatment 615 0$aPeople with mental disabilities$xHospital care 700 $aAlbert$b Michael$0375892 702 $aMcCaig$b Linda F. 712 02$aNational Center for Health Statistics (U.S.), 801 0$bGPO 801 1$bGPO 906 $aBOOK 912 $a9910704054203321 996 $aEmergency department visits related to schizophrenia among adults aged 18-64$93545829 997 $aUNINA